000 nam a22 a 4500
999 _c159547
_d159547
003 BLK
005 20221109155925.0
008 180410b bul|||||r ||||||| ||bul||
010 _aKNG00166718000
040 _aBLK
041 _aBUL
_cBUL
072 7 _2bullib
_aК
_xКраезнание
080 _aИкономическо положение. Икономическа политика. Управление. Планиране. Производство. Услуги. Цени
_b338
_x:91(4)
_z338:91(4)
080 _aИкономическо положение. Икономическа политика. Управление. Планиране. Производство. Услуги. Цени
_b338
_x:914.972
_z338:914.972
100 1 _aСтаменов, Митре
_eпърви автор
_9334528
139 _aСтаменов, Митре
_bС 66
245 1 0 _aС поглед към голямата река
_bОчерк за стопанското значение на р. Дунав
_cМитре Стаменов
257 _aBGR
260 _aСофия
_bПартиздат
_c1978
300 _a152 с.
_c21 см
380 _a3
650 4 _aДунав - социално, екологично и икономическо значение
_9313145
651 4 _aДунав
_9178849
653 _aрека Дунав
653 _aреки
659 _aК
852 _aЦб 91810
_bЦб
852 _aК 338/С 66 М
856 4 _qpdf
_i0.00
_ldisable
856 4 _qpdf
_i0.00
_ldisable
942 _cKNG
_n0
_s1
944 _aCR
_c30.10.2014
_l30.10.2014 - от С1,Р / 30.10.2014
_kВаля_Йорданова
944 _aED
_c30.10.2014
_l30.10.2014 - от С1,Р / 30.10.2014